Tendencias
Guardat en:
| Format: | Text |
|---|---|
| Etiquetes: |
Afegir etiqueta
Sense etiquetes, Sigues el primer a etiquetar aquest registre!
|
MARC
| LEADER | 00000 a a2200000 04500 | ||
|---|---|---|---|
| 001 | 17546 | ||
| 003 | |||
| 040 | |||
| 245 | |a Tendencias | ||
| 773 | |g número 49; páginas 769-770 | ||
| 999 | |c 38070 |d 38070 | ||
